| 000 | 00449nam a22001817a 4500 | ||
|---|---|---|---|
| 003 | CEME | ||
| 005 | 20210628202026.0 | ||
| 008 | 210129b xxu||||| |||| 00| 0 eng d | ||
| 020 | _a81-7676-006-4 | ||
| 040 | _c. | ||
| 082 | _a641.692 ANU | ||
| 100 |
_aKshetrapal, Anu _957938 |
||
| 245 | _aBreakfast non vegetarian | ||
| 260 |
_aNEW DELHI _bVITA MEHTA _c2003 |
||
| 300 | _a100P | ||
| 650 |
_aBREAKFAST NON VEGETARIAN _957939 |
||
| 942 |
_cBK _2ddc |
||
| 999 |
_c568177 _d568177 |
||